[Event "Chigorin Memorial 30th"]
[Site "St Petersburg"]
[Date "2023.10.22"]
[Round "2"]
[White "Alpin, Maxim"]
[Black "Smirnov, Yaroslav"]
[Result "1/2-1/2"]
[WhiteElo "2158"]
[BlackElo "1900"]
[PlyCount "119"]
[EventDate "2023.10.21"]
[EventType "swiss"]
[EventRounds "9"]
[EventCountry "RUS"]
[SourceTitle "Mega2024 Update 01"]
[Source "Chessbase"]
[SourceDate "2023.11.12"]
[SourceVersion "1"]
[SourceVersionDate "2023.11.12"]
[SourceQuality "1"]

1. Nf3 Nf6 2. g3 d5 3. Bg2 Bg4 4. Ne5 Bh5 5. c4 c6 6. cxd5 cxd5 7. Qa4+ Nbd7 8. Nc3 e6 9. g4 Bg6 10. h4 Bd6 11. d4 h6 12. Nxg6 fxg6 13. g5 hxg5 14. hxg5 Rxh1+ 15. Bxh1 Nh7 16. Qc2 Kf7 17. Nxd5 Nxg5 18. Nc3 Qf6 19. Be3 Bf4 20. Bxf4 Qxf4 21. e3 Qc7 22. 0-0-0 Nf8 23. Rg1 Qh2 24. Ne2 Nh3 25. Rf1 Kg8 26. Ng3 Re8 27. Bxb7 Re7 28. Bf3 Rf7 29. Qe2 Ng1 30. Rxg1 Qxg1+ 31. Kc2 Rc7+ 32. Kb3 Qc1 33. Be4 a5 34. a3 Nd7 35. Ka2 Nf6 36. Bxg6 Rb7 37. Qc2 Qxc2 38. Bxc2 Ng4 39. Ne4 Rf7 40. Bb3 Nxf2 41. Ng5 Re7 42. Bxe6+ Kf8 43. d5 Rb7 44. d6 Nd3 45. d7 Rxb2+ 46. Ka1 Ke7 47. Nf7 Rb8 48. d8Q+ Rxd8 49. Nxd8 Kxd8 50. Bf5 Ne5 51. Ka2 Kc7 52. Kb3 Kb6 53. Be6 g5 54. Kc3 Kc5 55. Kd2 Kb5 56. Bb3 a4 57. Be6 Nc4+ 58. Bxc4+ Kxc4 59. Ke2 Kb3 60. e4 1/2-1/2